00453nam a2200145Ia 4500008004100000020001800041082001400059100002900073245002000102260001000122500001300132942000700145952014000152999001500292260604s9999 xx 000 0 und d a9789387340282 a808.3 SHR aShree Book Centre935315 0aMendak Rajkumar bSHREE aRajkumar cBK 00104070aIIMVbIIMVcChildren collectiond2026-06-04g199.00l0o808.3 SHRp003809r2026-06-04 10:19:18v199.00w2026-06-04yBKBSHR c8191d8191